[Event "GER-chT U18 Girls"]
[Site "Karlsruhe"]
[Date "2015.05.10"]
[Round "7.4"]
[White "Lay, Sophia"]
[Black "Gross, Sarah Zoe"]
[Result "1-0"]
[WhiteElo "800"]
[BlackElo "800"]
[PlyCount "99"]
[EventDate "2015.05.07"]
[EventType "team-swiss"]
[EventRounds "7"]
[EventCountry "GER"]
[SourceTitle "EXT 2017"]
[Source "ChessBase"]
[SourceDate "2016.10.25"]
[SourceVersion "1"]
[SourceVersionDate "2016.10.25"]
[SourceQuality "1"]
[WhiteTeam "Aschaffenburg MWS (W)"]
[BlackTeam "Gadebusch Gymn (W)"]
[WhiteTeamCountry "GER"]
[BlackTeamCountry "GER"]

1. e4 e5 2. Nf3 Nc6 3. Bc4 Nf6 4. Nc3 Bb4 5. Nd5 Ba5 6. 0-0 d6 7. d3 Bg4 8. Bg5 0-0 9. Nxf6+ gxf6 10. Bh6 Re8 11. h3 Bh5 12. d4 exd4 13. c3 Bb6 14. Qb3 a6 15. Nd2 Na5 16. Qc2 Nxc4 17. Nxc4 Bc5 18. Qd3 Bg6 19. cxd4 Bb4 20. f3 d5 21. Na3 Qd6 22. Nc2 Qg3 23. Nxb4 a5 24. Nxd5 Qh4 25. Qe3 Red8 26. Ne7+ Kh8 27. Rac1 Re8 28. Nd5 c6 29. Nc7 Rad8 30. Nxe8 Rxe8 31. e5 fxe5 32. dxe5 b6 33. Rxc6 b5 34. f4 Qxh6 35. f5 Qxe3+ 36. Kh2 Bxf5 37. Rxf5 Qe4 38. Rcf6 Rg8 39. Rxf7 Qh4 40. e6 Qg3+ 41. Kg1 Qe3+ 42. Kh2 Qxe6 43. g4 h6 44. Rb7 Qc6 45. Rbxb5 Re8 46. Rxa5 Re2+ 47. Kg3 Qe4 48. Rf7 Qg2+ 49. Kh4 Re4 50. Ra8+ 1-0

[Event "GER-chT U18 Girls"]
[Site "Karlsruhe"]
[Date "2015.05.08"]
[Round "2.4"]
[White "Zhuk, Margarita"]
[Black "Lay, Sophia"]
[Result "1-0"]
[WhiteElo "800"]
[BlackElo "800"]
[PlyCount "65"]
[EventDate "2015.05.07"]
[EventType "team-swiss"]
[EventRounds "7"]
[EventCountry "GER"]
[SourceTitle "EXT 2017"]
[Source "ChessBase"]
[SourceDate "2016.10.25"]
[SourceVersion "1"]
[SourceVersionDate "2016.10.25"]
[SourceQuality "1"]
[WhiteTeam "Humboldt Gymn (W)"]
[BlackTeam "Aschaffenburg MWS (W)"]
[WhiteTeamCountry "GER"]
[BlackTeamCountry "GER"]

1. e4 e5 2. Nf3 Nc6 3. Bb5 a6 4. Ba4 Nf6 5. d3 Bb4+ 6. c3 Bc5 7. 0-0 0-0 8. b4 Bd6 9. Nbd2 b5 10. Bb3 Ng4 11. h3 Nf6 12. Ng5 h6 13. Nxf7 Qe8 14. Nxd6+ Qe6 15. Bxe6+ dxe6 16. Nxc8 Raxc8 17. Qb3 Rce8 18. Nf3 Nd8 19. Nxe5 Kh7 20. a4 c6 21. axb5 axb5 22. Ra6 c5 23. bxc5 Nb7 24. Qxb5 Re7 25. Ba3 Nh5 26. c6 Rfe8 27. Bxe7 Rxe7 28. cxb7 Rxb7 29. Qxb7 Nf4 30. Ra8 h5 31. Qc8 Kh6 32. h4 g5 33. Qh8# 1-0